LEADER 01335naa a2200253 a 4500 001 000000120326 003 CaOOAMICUS 005 20100225101623.0 008 100225t2010 it u000 ubita r 040 $aPUL$bita$dReb 100 1 $aBrunetta, Gian Piero.$0(OLS)http://pul/name/23534 245 13$aIl cinema italiano di regime. Da "la canzone dell'amore" a "Ossessione" :$b1929-1945 /$cGian Piero Brunetta . 260 $aMilano :$bIl Sole 24 ore,$c©2010$aTorino :$bGiulio Einaudi 300 $axi, 440 p. ;$c22 cm. 500 $aEdizione speciale per il Sole 24 Ore. Pubblicata su licenza di Giulio Einaudi editore. 504 $aBibliografia p. 379-440. 650 4$aCinema$zItalia$xStoria e critica$y1929-1945.$0(OLS)http://pul/subject/36512 773 1 $tStoria del cinema mondiale.$dMilano : Il Sole 24 ore, ©2009 Torino : Giulio Einaudi $w()118347 850 $aPUL 852 $aPUL$W1$xDP2 Cons. Gen., Altre Classi 3$y97$m791. 4 COLL 1.14$j137964$qDDC 21$B137123$CPULBib$Z2$F137123 $H112998 $82 941 1 $a9 996 $6245$aIl cinema italiano di regime. Da "la canzone dell'amore" a "Ossessione" :$b1929-1945$9(OLS)http://pul/title/151345 996 $6260$aMilano :$bIl Sole 24 ore$9(OLS)http://pul/publisher/69212 996 $6260$aTorino :$bGiulio Einaudi$9(OLS)http://pul/publisher/54573 LEADER 01143nam a2200301 a 4500 001 000000132740 003 CaOOAMICUS 005 20130208120804.0 008 130208s2006 it ae u000 u ita r 020 $z88-7292-507-X* 040 $aPUL$bita 041 1 $aita$aeng 082 04$a915 245 00$aAlbum della Terrasanta /$ca cura di /edited by Francesco Bandini. 260 $aFirenze :$bAlinari,$c©2006. 300 $a174 p. :$bill., piante ;$c29 cm 500 $aTesto su due colonne. 546 $aTesto italiano e inglese. 651 4$aTerra Santa$xDescrizione e viaggi.$0(OLS)http://pul/subject/10236 700 1 $aBandini, Francesco,$d1935-$0(OLS)http://pul/name/85537 850 $aPUL 852 $aPUL$W1$xDP2 Filosofia 3$y112$m915 BANFR 1$j152681$qDDC 21$B152101$CPULBib$Z2$F152101 $H103089 $82 941 1 $a9 996 $6020$z88-7292-507-X*$9(OLS)http://pul/number/151807 996 $6082$a915$9(OLS)http://pul/classification/2458 996 $6245$aAlbum della Terrasanta$9(OLS)http://pul/title/167717 996 $6260$aFirenze :$bAlinari$9(OLS)http://pul/publisher/58713